[Event "Quebec-ch B U20 Pepsico"]
[Site "Montreal"]
[Date "2012.02.10"]
[Round "1"]
[White "Ouellet, Maili Jade"]
[Black "Tuncbilek, Emir"]
[Result "1-0"]
[WhiteElo "1197"]
[BlackElo "618"]
[PlyCount "69"]
[EventDate "2012.02.10"]
[EventType "swiss"]
[EventRounds "5"]
[EventCountry "CAN"]
[SourceTitle "EXT 2022"]
[Source "ChessBase"]
[SourceDate "2021.10.06"]
[SourceVersion "1"]
[SourceVersionDate "2021.10.06"]
[SourceQuality "1"]

1. d4 d5 2. c4 dxc4 3. e3 e6 4. Bxc4 c5 5. Nf3 Nf6 6. 0-0 Bd6 7. dxc5 Bxc5 8. Qxd8+ Kxd8 9. Rd1+ Ke8 10. Nc3 Nc6 11. Bb5 Bd7 12. a3 Rd8 13. b4 a6 14. Bxc6 Bxe3 15. Bxd7+ Rxd7 16. Rxd7 Kxd7 17. Bxe3 Ke7 18. Bc5+ Ke8 19. Rd1 h5 20. Bb6 Nd7 21. Ne5 Nxb6 22. Ne4 f6 23. Nd6+ Ke7 24. Ng6+ Kd8 25. Nxh8 Kc7 26. Nhf7 Nc4 27. Nxc4 b5 28. Na5 g5 29. Nd6 f5 30. Ne8+ Kc8 31. Nc6 h4 32. Rd8+ Kb7 33. Na5+ Kb6 34. Rb8+ Ka7 35. Nc6# 1-0